000 00839nam a22002417a 4500
999 _c21647
_d21647
003 AR-CdUCM
008 190319b ||||| |||| 00| 0 spa d
020 _a9786123181307
040 _aMUNICIPALIDAD PROVINCIAL DEL CUSCO
_cBIBLIOTECA MUNICIPAL DEL CUSCO
082 _a657.48/H47
_bH47
_2tercera
100 _aHerz Ghersi, Jeannette
_945657
245 _aApuntes de contabilidad financiera /
_cJeannette Herz Ghersi
260 _aLima ;
_bUniversidad Peruana de Ciencias Aplicadas,
_c2018.
300 _a318 Páginas. :
_bilustraciones;
_c24 cm.
500 _zBibliografía: p. 317-318.
650 _aContabilidad financiera
_919894
650 _aContabilidad
_910543
650 _aEstudio y enseñanza
_92610
650 _aEstados financieros
_99997
650 _aAnálisis financiero
_944699
942 _2ddc
_cLIBROS
945 _aRoel